Normal view
MARC view
- Waswani, T. L
Entry Personal Name
001 - CONTROL NUMBER
- control field: 38163
003 - CONTROL NUMBER IDENTIFIER
- control field: OSt
005 - DATE AND TIME OF LATEST TRANSACTION
- control field: 20220806100015.0
008 - FIXED-LENGTH DATA ELEMENTS
- fixed length control field: 220806|| aca||aabn | a|a d
040 ## - CATALOGING SOURCE
- Original cataloging agency: OSt
- Transcribing agency: OSt
100 ## - HEADING--PERSONAL NAME
- Personal name: Waswani, T. L
670 ## - SOURCE DATA FOUND
- Source citation: Work cat.: (OSt)23137: Waswani, T. L., Bhagwatgita : The Song Of Supreme, 1995